00541nam a2200205Ia 4500003000400000005001700004008004100021020002200062040000700084041000800091082001500099100002000114245009100134250000600225260004100231300001500272365001300287650001600300650001900316OSt20230614151431.0210423s2013 xx 000 0 und d a978-81-265-3843-0 cAL aeng a620.5 WOLN aWOLF (Edward L) aNanophysics and nanotechnology: an introduction to modern concepts in nanoscience Ed 2 a2 aNew DelhibWiley India Pvt Ltdc2013 axv,292bPB b995cINR aEngineering aNanotechnology